Central Library OPAC University of Rajshahi

An introduction to algebraic structures / (Record no. 69763)

MARC details
000 -LEADER
fixed length control field 00738nam a2200241 a 4500
001 - CONTROL NUMBER
control field 69763
003 - CONTROL NUMBER IDENTIFIER
rucl marc code BD-RjUL
005 - DATE AND TIME OF LATEST TRANSACTION
control field 20211209081925.0
008 - FIXED-LENGTH DATA ELEMENTS--GENERAL INFORMATION
fixed length control field 170413s1968 cau b 001 0 eng d
035 ## - SYSTEM CONTROL NUMBER
System control number (BD-RjUL)69975
040 ## - CATALOGING SOURCE
Original cataloging agency DLC
Transcribing agency DLC
Modifying agency BD-RjUL
Language of cataloging eng
041 ## - LANGUAGE CODE
Language code of text/sound track or separate title eng
082 ## - DEWEY DECIMAL CLASSIFICATION NUMBER
Edition number 23
Classification number 512.02
Author mark and year ROI 1968
100 1# - MAIN ENTRY--PERSONAL NAME
Personal name Rosenfeld, Azriel,
Dates associated with a name 1931-
9 (RLIN) 206642
245 13 - TITLE STATEMENT
Title An introduction to algebraic structures /
Statement of responsibility, etc. Azriel Rosenfeld
260 ## - PUBLICATION, DISTRIBUTION, ETC. (IMPRINT)
Place of publication, distribution, etc. San Francisco :
Name of publisher, distributor, etc. Holden-Day,
Date of publication, distribution, etc. 1968
300 ## - PHYSICAL DESCRIPTION
Pagination xi, 285 p. ;
Size 24 cm.
490 1# - SERIES STATEMENT
Series statement Holden-Day series in mathematics
504 ## - BIBLIOGRAPHY, ETC. NOTE
Bibliography, etc Includes bibliography and index
650 #0 - SUBJECT ADDED ENTRY--TOPICAL TERM
Topical term or geographic name as entry element Algebra, Abstract.
9 (RLIN) 206643
830 #0 - SERIES ADDED ENTRY--UNIFORM TITLE
Uniform title Holden-Day series in mathematics.
942 ## - ADDED ENTRY ELEMENTS (KOHA)
Source of classification or shelving scheme Dewey Decimal Classification
Koha item type Books
Holdings
Lost status Source of classification or shelving scheme Damaged status Not for loan Collection code Permanent Location Current Location Shelving location Date acquired Source of acquisition Total Checkouts Full call number Date last seen Copy number Koha item type
  Dewey Decimal Classification   Not For Loan Non-fiction Central Library, University of Rajshahi Central Library, University of Rajshahi Reading Room 26/12/1988 Asia Foundation   512.02 ROI 1968 13/04/2017 C-1 Books